|
|
|
|
| LEADER |
00000nam0a2200000 4500 |
| 001 |
96696 |
| 005 |
20231031110639.0 |
| 010 |
|
|
|a 5982670111
|
| 035 |
|
|
|a (RuTPU)RU\TPU\book\103547
|
| 090 |
|
|
|a 96696
|
| 100 |
|
|
|a 20060517d2005 km y0rusy50 ca
|
| 101 |
0 |
|
|a rus
|
| 102 |
|
|
|a RU
|
| 105 |
|
|
|a a z 001zy
|
| 200 |
1 |
|
|a Промышленные выбросы в атмосферу. Инженерные расчеты и инвентаризация
|f И. М. Квашнин
|
| 210 |
|
|
|a Москва
|c Авок-Пресс
|d 2005
|
| 215 |
|
|
|a 392 с.
|c ил.
|
| 225 |
1 |
|
|a Техническая библиотека НП "АВОК"
|
| 320 |
|
|
|a Библиогр.: с. 141-143.
|
| 610 |
1 |
|
|a промышленная экология
|
| 610 |
1 |
|
|a промышленная вентиляция
|
| 610 |
1 |
|
|a промышленные выбросы
|
| 610 |
1 |
|
|a атмосфера
|
| 610 |
1 |
|
|a расчет
|
| 610 |
1 |
|
|a расчеты
|
| 610 |
1 |
|
|a загрязняющие вещества
|
| 610 |
1 |
|
|a металлообрабатывающая промышленность
|
| 610 |
1 |
|
|a деревообрабатывающая промышленность
|
| 610 |
1 |
|
|a сварочные работы
|
| 610 |
1 |
|
|a лакокрасочная промышленность
|
| 610 |
1 |
|
|a литейное производство
|
| 610 |
1 |
|
|a автомобильная промышленность
|
| 610 |
1 |
|
|a пластмассовое производство
|
| 610 |
1 |
|
|a гальваническое производство
|
| 610 |
1 |
|
|a радиоэлектронная промышленность
|
| 610 |
1 |
|
|a методика
|
| 675 |
|
|
|a 504.3
|v 3
|
| 675 |
|
|
|a 628.5
|v 3
|
| 700 |
|
1 |
|a Квашнин
|b И. М.
|g Иван Михайлович
|
| 801 |
|
1 |
|a RU
|b 63413507
|c 20060517
|g PSBO
|
| 801 |
|
2 |
|a RU
|b 63413507
|c 20150519
|g PSBO
|
| 942 |
|
|
|c BK
|
| 959 |
|
|
|a 34/20060516
|d 5
|e 649,00
|f НФ:2
|f УФ:3
|